| 000 | 00619 a2200169 4500 | ||
|---|---|---|---|
| 003 | Nust | ||
| 005 | 20230725130512.0 | ||
| 040 | _cNust | ||
| 082 | _a621.381533,OCS | ||
| 100 |
_aAlexander Schure _9113812 |
||
| 245 |
_aL-C Oscillators / _cAlexander Schure |
||
| 260 |
_aNew yourk _bJohn F , Rider _c1957 |
||
| 300 | _a66p; | ||
| 505 | _aGeneral Information (Page-1), Circuits Analysis (Page-17), Essential Feature Of Oscillator Circuits (Page-22), Low And Medium Frequency Oscillators (Page-40), High Frequency Oscillators (Page-60). | ||
| 650 | _aTelecommunication Engineering | ||
| 942 |
_2ddc _cBK _k621.381533,OCS |
||
| 999 |
_c193561 _d193561 |
||